[Event "Arco op 38th"]
[Site "Arco"]
[Date "2016.10.08"]
[Round "1"]
[White "Denozza, Mauro"]
[Black "Simeone, Giulio"]
[Result "0-1"]
[WhiteElo "1542"]
[BlackElo "1948"]
[PlyCount "102"]
[EventDate "2016.10.08"]
[EventType "swiss"]
[EventRounds "9"]
[EventCountry "ITA"]
[SourceTitle "EXT 2017"]
[Source "ChessBase"]
[SourceDate "2016.10.25"]
[SourceVersion "1"]
[SourceVersionDate "2016.10.25"]
[SourceQuality "1"]

1. d4 g6 2. Nf3 Bg7 3. Bg5 c5 4. c3 Nf6 5. Nbd2 cxd4 6. cxd4 d5 7. e3 Nc6 8. Bb5 0-0 9. 0-0 Bf5 10. Bxc6 bxc6 11. Ne5 Qb6 12. Qb3 Qa6 13. Qd1 Rfe8 14. a3 Rab8 15. b4 Ne4 16. Nxe4 dxe4 17. Bf4 Be6 18. Qc2 Bd5 19. Rfc1 Rbc8 20. Nd7 h6 21. Nc5 Qb6 22. Nd7 Qd8 23. Ne5 g5 24. Bg3 f6 25. Nc4 Bxc4 26. Qxc4+ Qd5 27. Qxd5+ cxd5 28. Rc5 Rcd8 29. Rac1 f5 30. Be5 Bxe5 31. dxe5 d4 32. exd4 Rxd4 33. Kf1 Red8 34. Rc7 R8d7 35. Rxd7 Rxd7 36. e6 Rd3 37. Rc8+ Kg7 38. Re8 Kf6 39. Rh8 Kg7 40. Re8 Rxa3 41. Rxe7+ Kf6 42. Re8 Ra6 43. e7 f4 44. g3 f3 45. Ke1 Kf7 46. Rh8 Kxe7 47. Rh7+ Kf8 48. Rh8+ Kg7 49. Re8 Ra1+ 50. Kd2 Ra2+ 51. Ke3 Re2+ 0-1

[Event "Amantea op-B 9th"]
[Site "Amantea"]
[Date "2011.09.11"]
[Round "8"]
[White "Denozza, Mauro"]
[Black "Pelyushenko, Olga"]
[Result "1/2-1/2"]
[WhiteElo "1664"]
[BlackElo "1506"]
[PlyCount "27"]
[EventDate "2011.09.04"]
[EventType "swiss"]
[EventRounds "8"]
[EventCountry "ITA"]
[SourceTitle "EXT 2014"]
[Source "ChessBase"]
[SourceDate "2013.11.20"]
[SourceVersion "1"]
[SourceVersionDate "2013.11.20"]
[SourceQuality "1"]

1. d4 Nf6 2. Nf3 g6 3. Nbd2 d6 4. e4 Bg7 5. Bd3 0-0 6. 0-0 Nbd7 7. c3 a6 8. Re1 c5 9. b4 b5 10. Bb2 Bb7 11. bxc5 dxc5 12. e5 Nd5 13. Be4 e6 14. c4 1/2-1/2

[Event "Amantea op-B 9th"]
[Site "Amantea"]
[Date "2011.09.10"]
[Round "7"]
[White "Martino, Giovanni"]
[Black "Denozza, Mauro"]
[Result "1-0"]
[WhiteElo "1542"]
[BlackElo "1664"]
[PlyCount "35"]
[EventDate "2011.09.04"]
[EventType "swiss"]
[EventRounds "8"]
[EventCountry "ITA"]
[SourceTitle "EXT 2014"]
[Source "ChessBase"]
[SourceDate "2013.11.20"]
[SourceVersion "1"]
[SourceVersionDate "2013.11.20"]
[SourceQuality "1"]

1. e4 d6 2. d4 Nf6 3. Nc3 c6 4. f4 Qa5 5. Bd3 e5 6. Nf3 Bg4 7. dxe5 dxe5 8. fxe5 Nfd7 9. Bf4 Nxe5 10. Bxe5 Bxf3 11. Qxf3 Qxe5 12. Bc4 f6 13. 0-0-0 Bb4 14. Qh3 Ke7 15. Nb1 Qf4+ 16. Nd2 Bxd2+ 17. Rxd2 Rd8 18. Qe6+ 1-0

[Event "Amantea op-B 9th"]
[Site "Amantea"]
[Date "2011.09.06"]
[Round "3"]
[White "Denozza, Mauro"]
[Black "Caporale, Giuseppe Guido"]
[Result "0-1"]
[WhiteElo "1664"]
[BlackElo "1752"]
[PlyCount "50"]
[EventDate "2011.09.04"]
[EventType "swiss"]
[EventRounds "8"]
[EventCountry "ITA"]
[SourceTitle "EXT 2014"]
[Source "ChessBase"]
[SourceDate "2013.11.20"]
[SourceVersion "1"]
[SourceVersionDate "2013.11.20"]
[SourceQuality "1"]

1. d4 c5 2. c3 b6 3. Nf3 Bb7 4. e3 e6 5. Bd3 Nf6 6. Nbd2 Nc6 7. 0-0 d5 8. Qe2 c4 9. Bc2 b5 10. e4 dxe4 11. Nxe4 Be7 12. Bg5 Nxe4 13. Bxe7 Nxe7 14. Bxe4 Bxe4 15. Qxe4 Qd5 16. Qxd5 Nxd5 17. g3 0-0 18. Ne5 Nb6 19. b3 f6 20. Nf3 Rfc8 21. b4 Nd5 22. Rfc1 a5 23. a3 Ra6 24. Nd2 axb4 25. cxb4 Rca8 0-1

[Event "Amantea op-B 8th"]
[Site "Amantea"]
[Date "2010.08.31"]
[Round "3"]
[White "Denozza, Mauro"]
[Black "Carlomagno, Vincenzo"]
[Result "0-1"]
[WhiteElo "1666"]
[BlackElo "1851"]
[PlyCount "55"]
[EventDate "2010.08.29"]
[EventType "swiss"]
[EventRounds "9"]
[EventCountry "ITA"]
[SourceTitle "CBM 138 Extra"]
[Source "ChessBase"]
[SourceDate "2010.10.29"]
[SourceVersion "1"]
[SourceVersionDate "2010.10.29"]
[SourceQuality "1"]

1. d4 Nf6 2. Nf3 e6 3. e3 b6 4. Bd3 Bb7 5. Nbd2 c5 6. c3 Nc6 7. 0-0 Be7 8. a3 Qc7 9. e4 cxd4 10. cxd4 d6 11. b4 a6 12. Bb2 0-0 13. Rc1 Rac8 14. Re1 Qb8 15. Qe2 b5 16. Nb3 Rfd8 17. Nfd2 Qa7 18. d5 Nb8 19. dxe6 fxe6 20. Nd4 e5 21. Ne6 Rxc1 22. Rxc1 Rc8 23. Qd1 Kh8 24. Rxc8+ Bxc8 25. Ng5 h6 26. Nf7+ Kh7 27. Qb3 Ng4 28. Qd1 0-1

[Event "Amantea op-B 8th"]
[Site "Amantea"]
[Date "2010.08.29"]
[Round "1"]
[White "Denozza, Mauro"]
[Black "Vespe, Roccomaria Antonio"]
[Result "1-0"]
[WhiteElo "1666"]
[BlackElo "1329"]
[PlyCount "103"]
[EventDate "2010.08.29"]
[EventType "swiss"]
[EventRounds "9"]
[EventCountry "ITA"]
[SourceTitle "CBM 138 Extra"]
[Source "ChessBase"]
[SourceDate "2010.10.29"]
[SourceVersion "1"]
[SourceVersionDate "2010.10.29"]
[SourceQuality "1"]

1. d4 d5 2. Nf3 e6 3. e3 Nf6 4. Bd3 Be7 5. Nbd2 0-0 6. 0-0 Nc6 7. c3 b6 8. Re1 Qd6 9. e4 Qf4 10. e5 Ng4 11. Nf1 Nxf2 12. Kxf2 Bh4+ 13. g3 Qg4 14. Nxh4 Qh3 15. Kg1 f6 16. Ne3 fxe5 17. Bf1 Rxf1+ 18. Rxf1 Ne7 19. Qf3 Nf5 20. Nexf5 exf5 21. Qxd5+ Be6 22. Qxa8+ Kf7 23. Qb7 Kf6 24. dxe5+ Kxe5 25. Bf4+ Kf6 26. Qg2 Qg4 27. h3 Qh5 28. Qf3 Qf7 29. Rae1 g5 30. Bxg5+ Kxg5 31. Qf4+ Kf6 32. Nf3 Qh5 33. Qh4+ Qxh4 34. Nxh4 Kg5 35. Nxf5 Bxf5 36. Rxf5+ Kxf5 37. Re7 a5 38. Rxc7 Ke4 39. Rxh7 Kd5 40. Kf2 Kc4 41. Ke3 b5 42. g4 b4 43. cxb4 axb4 44. g5 Kd5 45. g6 Ke6 46. h4 Kf6 47. h5 Kg5 48. g7 Kf6 49. g8Q Ke5 50. Rh6 Kf5 51. Qg6+ Ke5 52. Qg5# 1-0

[Event "Amantea op-B 7th"]
[Site "Amantea"]
[Date "2009.09.04"]
[Round "5"]
[White "Denozza, Mauro"]
[Black "Lodi, Paolo"]
[Result "1-0"]
[WhiteElo "1635"]
[BlackElo "1706"]
[PlyCount "67"]
[EventDate "2009.08.31"]
[EventType "swiss"]
[EventRounds "8"]
[EventCountry "ITA"]
[SourceTitle "CBM 132 Extra"]
[Source "ChessBase"]
[SourceDate "2009.11.03"]
[SourceVersion "1"]
[SourceVersionDate "2009.11.03"]
[SourceQuality "1"]

1. d4 f5 2. e4 fxe4 3. Nc3 Nf6 4. Bg5 g6 5. Bxf6 exf6 6. Nxe4 d5 7. Ng3 Be6 8. Nf3 Bd6 9. Bd3 Qd7 10. Qd2 a6 11. Qh6 Qf7 12. h4 Nc6 13. h5 g5 14. Bg6 Bf8 15. Bxf7+ Bxf7 16. Qxf6 Rg8 17. Nxg5 Rg7 18. h6 Rxg5 19. Qxg5 Nxd4 20. Qe5+ Ne6 21. 0-0-0 c6 22. Nf5 Kd7 23. c4 Rc8 24. Nd4 Bd6 25. Qf5 Bf4+ 26. Rd2 Bg6 27. Qg4 Re8 28. Nxe6 Bxd2+ 29. Kxd2 Rxe6 30. Re1 Bf7 31. Rxe6 Bxe6 32. Qg7+ Kd6 33. Qxh7 dxc4 34. Qg6 1-0

[Event "Amantea op-B 7th"]
[Site "Amantea"]
[Date "2009.09.01"]
[Round "2"]
[White "Bellantoni, Corrado"]
[Black "Denozza, Mauro"]
[Result "1/2-1/2"]
[WhiteElo "1440"]
[BlackElo "1635"]
[PlyCount "36"]
[EventDate "2009.08.31"]
[EventType "swiss"]
[EventRounds "8"]
[EventCountry "ITA"]
[SourceTitle "CBM 132 Extra"]
[Source "ChessBase"]
[SourceDate "2009.11.03"]
[SourceVersion "1"]
[SourceVersionDate "2009.11.03"]
[SourceQuality "1"]

1. d4 d5 2. Nf3 Nf6 3. e3 e6 4. Bd3 Nbd7 5. b3 c5 6. Bb2 b6 7. c3 Bb7 8. Nbd2 Bd6 9. Bb5 a6 10. Be2 0-0 11. c4 Re8 12. dxc5 bxc5 13. cxd5 exd5 14. 0-0 Qc7 15. h3 Rad8 16. Rc1 Qb8 17. Re1 Rc8 18. Ba1 Ne5 1/2-1/2